US City Flags, Pt. 2 - Statistics

General Stats
  • This quiz has been taken 67 times
  • The average score is 19 of 32
Answer Stats
Picture Answer % Correct
Los Angeles
92%
Washington DC
87%
Albuquerque
85%
Dallas
82%
Seattle
79%
St. Paul
79%
Boston
69%
Detroit
69%
Anchorage
67%
Las Vegas
67%
Jacksonville
64%
Little Rock
64%
Sacramento
62%
Salt Lake City
62%
Bakersfield
59%
Duluth
59%
Mesa
59%
Fresno
54%
Honolulu
54%
Lincoln
54%
Memphis
54%
Boise
51%
Buffalo
49%
Flagstaff
49%
Amarillo
46%
Raleigh
46%
Billings
44%
Cedar Rapids
41%
Rochester
41%
Bellingham
28%
Bowling Green
26%
Savannah
26%
No matching quizzes found
Score Distribution
Percent of People with Each Score
Percentile by Number Answered
Your Score History
You have not taken this quiz